Муравьева Н. В.

Доступно только в Электронных читальных залах Найти на картеНа карте
RUSMARC
00003923nac2a22002891x 450
001c02e10b9-beae-4889-a400-f7c71695eecc
00520131226125544.0
100##$a20130529l18771904k y0rusy50 ca
1010#$arus
102##$aRU
105##$ay z |||||
1222#$ad18770924
$ad19041218
2001#$aМуравьева Н. В.
$j24 сентября 1877 - 18 декабря 1904
215##$a30 листов
251##$cДело
300##$aЗаголовок дела на папке: Письма Муравьева Н. В. (министра юстиции) Кони А. Ф.
300##$a19 писем
300##$aТекст рукописный и машинописный
330##$aПереписка А. Ф. Кони; Письма к А. Ф. Кони
461#0$10013a54f2e3-e9cf-409b-80fa-f0a9bd3c40cb
$12001
$aКони Анатолий Федорович, юрист, литератор, член академии наук, председатель Санкт-Петербургского окружного суда, член государственного совета
$1251
$cФонд
$1852
$j564
462#0$100178a475cd-a47d-4377-bff3-cee4b81de655
$12001
$aОпись дел фонда А. Ф. Кони за 1880-1931 гг.
$1251
$cОпись
$1852
$j1
517##$aПисьма Муравьева Н. В. (министра юстиции) Кони А. Ф.
600#1$aКони
$bА. Ф.
$f1844-1927
$gАнатолий Федорович
600#1$aМуравьев
$bН. В.
801#0$aRU
$bGA_RF
801#1$aRU
$bНПО Опыт
$c20130529
$2rusmarc
801#2$aRU
$bПБ им. Б.Н. Ельцина
$c20131226
$gRCR
$2rusmarc
852##$aГА РФ
$j2631
937##$d42538277
$hПБ
035##$aRuPRLIB51003412
Формат отображения